Horror Films by Series Quiz Stats

Quiz not verified by Sporcle

Challenge
Share
Tweet
Embed
Score 0/53 Timer 07:00
0 Plays Today
Hint Answer % Correct
Friday The 13thFriday The 13th (1980)
92.4%
Friday The 13thFriday The 13th (2009)
92.4%
HALLOWEENHalloween (2007)
87.5%
Halloween (2018)
85.7%
HALLOWEENHalloween II
81.5%
Nightmare on Elm StreetNightmare on Elm Street (1984)
78.8%
Nightmare on Elm StreetNightmare on Elm Street (2010)
78.8%
Friday The 13thFriday The 13th Part 2
73.9%
Friday The 13thFreddy vs. Jason
71.7%
Nightmare on Elm StreetFreddy vs. Jason
71.7%
CHUCKYChild's Play
71.7%
CHUCKYBride of Chucky
71.2%
CHUCKYChild's Play 2
66.8%
Texas Chainsaw MassacreThe Texas Chainsaw Massacre (1974)
66.3%
Texas Chainsaw MassacreThe Texas Chainsaw Massacre (2003)
66.3%
HALLOWEENHalloween (1978)
65.8%
Friday The 13thJason X
64.7%
CHUCKYChild's Play 3
64.7%
Nightmare on Elm StreetNightmare on Elm Street 3: Dream Warriors
62.5%
HALLOWEENHalloween III: Season of the Witch
61.4%
Friday The 13thFriday The 13th Part VII: The New Blood
60.9%
HALLOWEENHalloween H20: 20 Years Later
60.9%
Romero’s Dead SeriesNight of the LIving Dead
60.9%
Romero’s Dead SeriesDawn of the Dead
58.2%
HALLOWEENHalloween II (2009)
57.6%
CHUCKYSeed of Chucky
57.1%
Romero’s Dead SeriesDay of the Dead
56%
Hint Answer % Correct
Friday The 13thFriday The 13th Part VIII: Jason Takes Manhattan
55.4%
Nightmare on Elm StreetWes' Craven's New Nightmare
53.8%
Nightmare on Elm StreetNightmare on Elm Street 2: Freddy's Revenge
52.2%
HALLOWEENHalloween 4: The Return of MIchael Myers
51.1%
Friday The 13thFriday The 13th Part VI: Jason Lives
50%
Nightmare on Elm StreetFreddy's Dead: The Final Nightmare
48.9%
Friday The 13thJason Goes to Hell: The Final Friday
48.4%
Texas Chainsaw MassacreThe Texas Chainsaw Massacre 2
48.4%
Friday The 13thFriday The 13th: The Final Chapter
47.8%
HALLOWEENHalloween: The Curse of MIchael Myers
47.3%
Nightmare on Elm StreetNightmare on Elm Street 5: The Dream Child
45.7%
Friday The 13thFriday The 13th: A New Beginning
45.1%
HALLOWEENHalloween Resurrection
45.1%
HALLOWEENHalloween 5: The Revenge of MIchael Myers
43.5%
CHUCKYCurse of Chucky
41.3%
Romero’s Dead SeriesLand of the Dead
38.6%
Nightmare on Elm StreetNightmare on Elm Street 4: The Dream Master
36.4%
Texas Chainsaw MassacreLeatherface: The Texas Chainsaw Massacre III
34.8%
Texas Chainsaw MassacreLeatherface
34.1%
Texas Chainsaw MassacreThe Texas Chainsaw Massacre: The Beginning
33.2%
Romero’s Dead SeriesDiary of the Dead
33.2%
CHUCKYThe Cult of Chucky
31.8%
Friday The 13thFriday The 13th Part III
31%
Texas Chainsaw MassacreThe Texas Chainsaw Massacre: The Next Generation
25%
Romero’s Dead SeriesSurvival of the Dead
22.3%
Texas Chainsaw MassacreTexas Chainsaw 3D
18.5%

You're not logged in!

Compare scores with friends on all Sporcle quizzes.
Join for Free
OR
Log In

You Might Also Like...

Show Comments

Extras

Top Quizzes Today


Score Distribution

Your Account Isn't Verified!

In order to create a playlist on Sporcle, you need to verify the email address you used during registration. Go to your Sporcle Settings to finish the process.

Report this User

Report this user for behavior that violates our Community Guidelines.

Details: